| 000 | 00460nam a2200181Ia 4500 | ||
|---|---|---|---|
| 005 | 20240823011051.0 | ||
| 008 | 240823s9999||||xx |||||||||||||| ||und|| | ||
| 041 | _aENGLISH | ||
| 082 | _A621.395 N5 | ||
| 100 | _aVLSI Societyof India | ||
| 245 | 0 | _aNinth International Conference on VLSI Design | |
| 250 | _a1st | ||
| 260 |
_c1995 _b"IEEE,California" |
||
| 500 | _aTRANSFERED | ||
| 650 |
_aElectronics _bInstrumentation |
||
| 942 | _cBK | ||
| 999 |
_c160454 _d160454 |
||